|
|
|
|
| LEADER |
01162nam a2200265 a 4500 |
| 001 |
2051607 |
| 008 |
090730s1994 nyua b 001 0 eng d |
| 010 |
|
|
|a 93029509
|
| 020 |
|
|
|a 0805770569 (alk. paper)
|
| 040 |
|
|
|a DLC
|c DLC
|d DLC
|
| 082 |
0 |
0 |
|a 823/.912
|2 20
|
| 100 |
1 |
|
|a Daly, Saralyn R.
|
| 245 |
1 |
0 |
|a Katherine Mansfield /
|c Saralyn R. Daly.
|
| 250 |
|
|
|a Rev. ed.
|
| 260 |
|
|
|a New York :
|b Twayne Publishers ;
|a Toronto :
|b Maxwell Macmillan Canada ;
|a New York :
|b Maxwell Macmillan International,
|c c1994.
|
| 300 |
|
|
|a xvi, 149 p. :
|b ill. ;
|c 23 cm.
|
| 490 |
|
0 |
|a Twayne's English authors series ;
|v TEAS 23
|
| 504 |
|
|
|a Includes bibliographical references (p. 135-143) and index.
|
| 541 |
1 |
|
|e 00016577
|
| 600 |
1 |
0 |
|a Mansfield, Katherine,
|d 1888-1923
|x Criticism and interpretation.
|
| 650 |
|
0 |
|a Women and literature
|z New Zealand
|x History
|y 20th century.
|
| 650 |
|
0 |
|a Women and literature
|z England
|x History
|y 20th century.
|
| 852 |
4 |
|
|a Ayesha Abed Library
|j General Shelf.
|
| 999 |
|
|
|c 3113
|d 3113
|
| 952 |
|
|
|0 0
|1 0
|2 ddc
|4 0
|6 823_912000000000000_DAL
|7 0
|9 2820
|a BRACUL
|b BRACUL
|c GEN
|d 2009-08-30
|l 2
|m 10
|o 823.912 DAL
|p 3010016577
|r 2013-05-07
|s 2013-02-12
|t 1
|w 2009-08-30
|y BK
|